Pack up your troubles in a pre-pack bag (Record no. 81571)

MARC details
000 -LEADER
fixed length control field 01045cab a22002175a 4500
001 - CONTROL NUMBER
control field L147574
008 - FIXED-LENGTH DATA ELEMENTS--GENERAL INFORMATION
fixed length control field 090526s2009 xxk f 000 0 eng d
035 ## - SYSTEM CONTROL NUMBER
System control number (Sirsi) u147574
041 0# - LANGUAGE CODE
Language code of text/sound track or separate title eng
100 1# - MAIN ENTRY--PERSONAL NAME
Personal name Norris, Daniel
245 00 - TITLE STATEMENT
Title Pack up your troubles in a pre-pack bag
Remainder of title landlords, tenants and pre-packaged administrations
260 ## - PUBLICATION, DISTRIBUTION, ETC.
Date of publication, distribution, etc. 2009
490 #0 - SERIES STATEMENT
Series statement Lovells Real Estate Quarterly
Volume/sequential designation Spring 2009, 4-6(3)
520 ## - SUMMARY, ETC.
Summary, etc. Examines the current growth in pre-packs, the pre-packaging of a business for sale before it enters the insolvency process and then using that process to rescue the business and shed unwanted assets. Looks at the rescue culture and administration, the buyer, the mechanics of pre-pack administration and the Insolvency Service's SIP 16 questionnaire. Comments in conclusion on the strengths and weaknesses of the pre-pack.
590 ## - LOCAL NOTE (RLIN)
Local note KA
650 24 - SUBJECT ADDED ENTRY--TOPICAL TERM
Topical term or geographic name entry element LANDLORD AND TENANT ACT 1954
651 #4 - SUBJECT ADDED ENTRY--GEOGRAPHIC NAME
Geographic name England and Wales
Chronological subdivision 1543-
690 ## - LOCAL SUBJECT ADDED ENTRY--TOPICAL TERM (OCLC, RLIN)
Topical term or geographic name as entry element MANAGEMENT-CORPORATE RECOVERY
700 1# - ADDED ENTRY--PERSONAL NAME
Personal name Reid, Tim
942 ## - ADDED ENTRY ELEMENTS (KOHA)
Suppress in OPAC 0
Holdings
Withdrawn status Lost status Source of classification or shelving scheme Damaged status Not for loan Home library Current library Shelving location Date acquired Total Checkouts Full call number Barcode Date last seen Copy number Price effective from Koha item type
    Dewey Decimal Classification     London London Journal article 26/05/2009   L147574 147574-1001 06/08/2019 1 06/08/2019 Journal article